godzilla iq level - Statistics

General Stats
  • This quiz has been taken 70 times
  • The average score is 3 of 5
Answer Stats
Hint Answer % Correct
who is godzilla's best friend anguirus
94%
what was godzilla first movie called godzilla king of the monsters
70%
who is godzilla's oldest enemy (it just appeared in a movie) king ghidorah (not now)
66%
in which movie did mechagodzilla's appeared before godzilla vs kong 2021 ready player one
14%
what is the latest godzilla movie godzilla vs kong 2021
10%
No matching quizzes found
Score Distribution
Percent of People with Each Score
Percentile by Number Answered
Your Score History
You have not taken this quiz